| 000 | 00700nam a2200205 a 4500 | ||
|---|---|---|---|
| 001 | 000174921 | ||
| 003 | AM-YeHGA | ||
| 005 | 20250617123510.0 | ||
| 008 | 970910s1977 ru a|||gr|||||||||0|rus|d | ||
| 040 | _aAM-YeHGA | ||
| 041 | 0 | _arus | |
| 100 | 1 | _aСоколов, Владимир Евгеньевич | |
| 245 | 1 | 0 |
_aСистематика млекопитающих : _bОтряды: зайцеобразных, грызунов : Учебное пособие / _cВ.Е. Соколов. |
| 260 |
_aМосква : _bВысшая школа, _c1977. |
||
| 300 |
_a494 с. : _bил. ; _c24 см. |
||
| 650 | 1 | 4 | _aГрызуны |
| 650 | 1 | 4 | _aЗоология |
| 942 |
_2udc _cBK |
||
| 090 | _c61051 | ||
| 999 |
_c60064 _d60064 |
||